Catálogo

ADMINISTRACION DE VENTAS (Registro nro. 17599)

Detalles MARC
000 -LEADER
fixed length control field 00552nam a2200205 a 4500
001 - CONTROL NUMBER
control field 17599
005 - DATE AND TIME OF LATEST TRANSACTION
control field 20180713210749.0
008 - FIXED-LENGTH DATA ELEMENTS--GENERAL INFORMATION
fixed length control field 140415s1985 mx 000 0 spa d
020 ## - INTERNATIONAL STANDARD BOOK NUMBER
International Standard Book Number 9682602785
041 ## - LANGUAGE CODE
Language code of text/sound track or separate title spa
082 ## - DEWEY DECIMAL CLASSIFICATION NUMBER
Classification number 658.81
Item number HAR
100 1# - MAIN ENTRY--PERSONAL NAME
Personal name HARTLEY, ROBERT F.
245 10 - TITLE STATEMENT
Title ADMINISTRACION DE VENTAS
250 ## - EDITION STATEMENT
Edition statement 1a ed.
260 ## - PUBLICATION, DISTRIBUTION, ETC.
Place of publication, distribution, etc. MEXICO :
Name of publisher, distributor, etc. COMPAÑIA EDITORIAL CONTINENTAL,
Date of publication, distribution, etc. 1985
300 ## - PHYSICAL DESCRIPTION
Extent 527
490 ## - SERIES STATEMENT
Series statement 527p.
650 14 - SUBJECT ADDED ENTRY--TOPICAL TERM
Topical term or geographic name entry element VENTAS
General subdivision DIRECCION Y ADMINISTRACION
700 1# - ADDED ENTRY--PERSONAL NAME
Personal name WALLS, ALFONSO VASSEUR
Relator term tr.
Existencias
Withdrawn status Lost status Source of classification or shelving scheme Damaged status Not for loan Collection code Home library Current library Shelving location Date acquired Source of acquisition Inventory number Total Checkouts Full call number Barcode Date last seen Price effective from Koha item type Date last checked out
    Dewey Decimal Classification     General Biblioteca Karol Wojtyla Biblioteca Karol Wojtyla Sala general 03/12/2013 Compra 151000000000000000029628   658.81 HAR 9078 05/01/2026 03/12/2013 Libro  
    Dewey Decimal Classification     General Biblioteca Karol Wojtyla Biblioteca Karol Wojtyla Sala general 03/12/2013 Compra 151000000000000000029629 1 658.81 HAR 35813 05/01/2026 03/12/2013 Libro 08/11/2022
    Dewey Decimal Classification     General Tehuacán Tehuacán Sala general 03/12/2013 Compra     658.001 HAR 501151 16/04/2024 03/12/2013 Libro